| 000 | 01071nam a22001817a 4500 | ||
|---|---|---|---|
| 999 |
_c60988 _d60988 |
||
| 005 | 20231204154459.0 | ||
| 008 | 231204s1960 enk||||| |||| 00| 0 eng d | ||
| 041 | _aeng | ||
| 080 | _a94(38)+902 R-53 | ||
| 100 |
_aRichter, Gisela M. A. _920566 |
||
| 245 |
_aA Handbook of Greek Art : _bArchitecture. Sculpture. Gems. coins. Jewellery. Metalwork. Pottery and Vase Painting. Glass. Furniture. Textiles. Paintings and Mosaics / _cGisela M. A. Richter. |
||
| 264 |
_aLondon : _bPhaidon Press, _c1960. |
||
| 300 |
_a432 p.: _bill.; _c26 cm. |
||
| 653 | _aბერძნული ხელოვნება | ||
| 653 | _aარქიტექტურა. ქანდაკება. ძვირფასი ქვები. | ||
| 653 | _aმონეტები. სამკაულები. ლითონის დამუშავება. ჭურჭლისა და ვაზის მხატვრობა. შუშა. ავეჯი. ტექსტილი. ნახატები და მოზაიკა | ||
| 942 |
_2udc _cᲬᲘᲒᲜᲘ |
||